| 000 | 01113nam a2200229Ia 4500 | ||
|---|---|---|---|
| 001 | 3762 | ||
| 005 | 20260414105820.0 | ||
| 008 | 260306t2014||||xx |||||||||||||| ||spa|| | ||
| 041 | _aESP | ||
| 082 |
_a302.702 _bQ62 |
||
| 100 |
_aQuintanilla, Pablo _eAUT |
||
| 245 | 0 |
_aCognición social y lenguaje: _bla intersubjetividad en la evolución de la especie y en el desarrollo del niño |
|
| 260 | _c2014 | ||
| 300 |
_a546 páginas : _c24 cm. |
||
| 650 | _aGEN | ||
| 654 | _aCED | ||
| 856 |
_uhttps://itmsp.museknowledge.com/UCSP?url=https://www.ebooks7-24.com:443/?il=9301&pg=1 _zVéase además: Cognición social. Versión digital |
||
| 856 |
_uhttps://0u213wday-y-https-ebooks7--24-com.itmsp.museknowledge.com/biblioteca.aspx _zVéase además: Base de datos Ebook7-24 |
||
| 856 |
_uhttps://0u20fwdb3-y-https-research-ebsco-com.itmsp.museknowledge.com/c/qxo6us/search _zVéase además: Base de datos EBSCOhost |
||
| 856 |
_uhttps://0u20vwd1z-y-https-ebookcentral-proquest-com.itmsp.museknowledge.com/lib/catolicasp/home.action _zVéase además: Base de datos ProQuest Ebook Central |
||
| 942 |
_cLIB _dJUS _fJUS _2ddc |
||
| 999 |
_c3762 _d3762 |
||